|
|
|
|
| LEADER |
00885nab a2200205 i 4500 |
| 001 |
univ72173 |
| 005 |
20241028131745.0 |
| 008 |
241028s2024 hu o 000 hun d |
| 040 |
|
|
|a SZTE UnivHistória Repozitórium
|b hun
|
| 041 |
|
|
|a hun
|
| 100 |
1 |
|
|a Timár Kriszta
|
| 245 |
1 |
0 |
|a Szegedi elnököt választottak
|h [elektronikus dokumentum] /
|c Timár Kriszta
|
| 260 |
|
|
|c 2024-10-28
|
| 300 |
|
|
|a 1, 3
|
| 490 |
0 |
|
|a Délmagyarország
|v 114 No. 251
|
| 561 |
|
|
|a Egyetemi hirarchívum
|
| 695 |
|
|
|a Új kinevezés - Ignácz Máté - egyetemi hallgató - Magyar Orvostanhallgatók Szövetségének (MOSZ) elnöke, Szent-Györgyi Albert Orvostudományi Kar - SZAOK
|
| 700 |
0 |
1 |
|a Karnok Csaba
|
| 856 |
4 |
0 |
|u http://univ.bibl.u-szeged.hu/72173/1/Szegedi_elnokot_DM_imedias3.pdf
|z Dokumentum-elérés
|
| 856 |
4 |
0 |
|u http://univ.bibl.u-szeged.hu/72173/2/Szegedi_elnokot_DM_14617238.pdf
|z Dokumentum-elérés
|